Petroleum production engineering : a computer-assisted approach /

Petroleum Production Engineering, A Computer-Assisted Approach provides handy guidelines to designing, analyzing and optimizing petroleum production systems. Broken into four parts, this book covers the full scope of petroleum production engineering, featuring stepwise calculations and computer-base...

Full description

Bibliographic Details
Main Author: Guo, Boyun
Corporate Author: ScienceDirect (Online service)
Other Authors: Lyons, William C., Ghalambor, Ali
Format: eBook
Language:English
Published: Burlington, MA : Gulf Professional Pub., [2007]
Subjects:
Online Access:Connect to the full text of this electronic book

MARC

Tag First Indicator Second Indicator Subfields
LEADER 00000cam a2200000Ia 4500
001 in00002425303
006 m d
007 cr cn|
008 070802s2007 maua ob 001 0 eng d
005 20260609193447.3
020 |a 9780750682701 
020 |a 0750682701 
029 1 |a NZ1  |b 11778323 
035 |a (OCoLC)162131489 
037 |a 134836:134968  |b Elsevier Science & Technology  |n http://www.sciencedirect.com 
040 |a OPELS  |c OPELS  |d UtOrBLW 
049 |a TXAM 
050 1 4 |a TN871  |b .G785 2007eb 
082 0 4 |a 665.5  |2 22 
100 1 |a Guo, Boyun. 
245 1 0 |a Petroleum production engineering :  |b a computer-assisted approach /  |c Boyun Guo, William C. Lyons, Ali Ghalambor. 
264 1 |a Burlington, MA :  |b Gulf Professional Pub.,  |c [2007] 
264 4 |c ©2007 
300 |a 1 online resource. 
336 |a text  |b txt  |2 rdacontent 
337 |a computer  |b c  |2 rdamedia 
338 |a online resource  |b cr  |2 rdacarrier 
520 |a Petroleum Production Engineering, A Computer-Assisted Approach provides handy guidelines to designing, analyzing and optimizing petroleum production systems. Broken into four parts, this book covers the full scope of petroleum production engineering, featuring stepwise calculations and computer-based spreadsheet programs. Part one contains discussions of petroleum production engineering fundamentals, empirical models for production decline analysis, and the performance of oil and natural gas wells. Part two presents principles of designing and selecting the main components of petroleum production systems including: well tubing, separation and dehydration systems, liquid pumps, gas compressors, and pipelines for oil and gas transportation. Part three introduces artificial lift methods, including sucker rod pumping systems, gas lift technology, electrical submersible pumps and other artificial lift systems. Part four is comprised of production enhancement techniques including, identifying well problems, designing acidizing jobs, guidelines to hydraulic fracturing and job evaluation techniques, and production optimization techniques. *Provides complete coverage of the latest techniques used for designing and analyzing petroleum production systems *Increases efficiency and addresses common problems by utilizing the computer-based solutions discussed within *Accompanying CD-ROM allows you to run computer spreadsheet programs with both U.S and SI units that can be used out in the field. 
505 0 |a Preface -- List of Symbols -- List of Tables -- List of Figures -- Part I: Petroleum Production Engineering Fundamentals: -- Chapter 1: Petroleum Production System -- Chapter 2: Properties of Oil and Natural Gas -- Chapter 3: Reservoir Deliverability -- Chapter 4: Wellbore Performance -- Chapter 5: Choke Performance -- Chapter 6: Well Deliverability -- Chapter 7: Forecast of Well Production -- Chapter 8: Production Decline Analysis -- Part II: Equipment Design and Selection -- Chapter 9: Well Tubing -- Chapter 10: Separation Systems -- Chapter 11: Transportation Systems -- Part III: Artificial Lift Methods -- Chapter 12: Sucker Rod Pumping -- Chapter 13: Gas Lift -- Chapter 14: Other Artificial Lift Methods -- Part IV: Production Enhancement -- Chapter 15: Well Problem Identification -- Chapter 16: Matrix Acidizing -- Chapter 17: Hydraulic Fracturing -- Chapter 18: Production Optimization -- Appendix A: Unit Conversion Factors -- Appendix B: The Minimum Performance Properties of API Tubing. 
504 |a Includes bibliographical references and index. 
500 |a Electronic resource. 
650 0 |a Petroleum engineering  |x Data processing. 
655 7 |a Electronic books.  |2 local 
700 1 |a Lyons, William C. 
700 1 |a Ghalambor, Ali. 
776 1 |c Original  |z 9780750682701  |z 0750682701  |w (DLC) 2007011848  |w (OCoLC)86172944 
710 2 |a ScienceDirect (Online service) 
856 4 0 |u http://proxy.library.tamu.edu/login?url=https://www.sciencedirect.com/science/book/9780750682701  |z Connect to the full text of this electronic book  |t 0 
994 |a 92  |b TXA 
999 |a MARS 
999 f f |s 952e443d-afca-3613-8893-e1ef8395367f  |i 72986be3-501e-3c32-ba48-1996df66e34d  |t 0 
952 f f |a Texas A&M University  |b College Station  |c Electronic Resources  |s www_evans  |d Available Online  |t 0  |e TN871 .G785 2007eb  |h Library of Congress classification 
998 f f |a TN871 .G785 2007eb  |t 0  |l Available Online